|
|
|
|
| LEADER |
01307nam a2200373Ia 4500 |
| 001 |
EBC3017610 |
| 003 |
MiAaPQ |
| 005 |
20200520144314.0 |
| 006 |
m o d | |
| 007 |
cr cn||||||||| |
| 008 |
020802s2002 cau s 000 0 eng d |
| 010 |
|
|
|z 2002012370
|
| 020 |
|
|
|z 1886411964 (pbk.)
|
| 035 |
|
|
|a (MiAaPQ)EBC3017610
|
| 035 |
|
|
|a (Au-PeEL)EBL3017610
|
| 035 |
|
|
|a (CaPaEBR)ebr10019888
|
| 035 |
|
|
|a (OCoLC)923653181
|
| 040 |
|
|
|a MiAaPQ
|c MiAaPQ
|d MiAaPQ
|
| 050 |
|
4 |
|a TR897.7
|b .L46 2002
|
| 082 |
0 |
4 |
|a 006.6/96
|2 21
|
| 100 |
1 |
|
|a Lentz, Jon Warren.
|
| 245 |
1 |
0 |
|a Flash
|h [electronic resource] :
|b the future /
|c Jon Warren Lentz, Bill Turner, and Ian Chia.
|
| 260 |
|
|
|a San Francisco :
|b No Starch Press, Inc.,
|c c2002.
|
| 300 |
|
|
|a xxix, 391p.
|
| 533 |
|
|
|a Electronic reproduction. Ann Arbor, MI : ProQuest, 2015. Available via World Wide Web. Access may be limited to ProQuest affiliated libraries.
|
| 630 |
0 |
0 |
|a Flash (Computer file)
|
| 650 |
|
0 |
|a Computer animation.
|
| 650 |
|
0 |
|a Web sites
|x Design.
|
| 650 |
|
0 |
|a Interactive multimedia
|x Authoring programs.
|
| 655 |
|
4 |
|a Electronic books.
|
| 700 |
1 |
|
|a Turner, Bill.
|
| 700 |
1 |
|
|a Chia, Ian.
|
| 710 |
2 |
|
|a ProQuest (Firm)
|
| 856 |
4 |
0 |
|u https://ebookcentral.proquest.com/lib/matrademy/detail.action?docID=3017610
|z Click to View
|